Vistas (Record no. 8203)

MARC details
000 -LEADER
fixed length control field 00340cam a2200169ua 4500
008 - FIXED-LENGTH DATA ELEMENTS--GENERAL INFORMATION
fixed length control field 150221n ii |||gr||||Z||||||eng
040 ## - CATALOGING SOURCE
Transcribing agency MAIN
041 ## - LANGUAGE CODE
-- eng
082 ## - DEWEY DECIMAL CLASSIFICATION NUMBER
Classification number 823
245 1# - TITLE STATEMENT
Title Vistas
250 ## - EDITION STATEMENT
Edition statement 1st.
260 ## - PUBLICATION, DISTRIBUTION, ETC.
Place of publication, distribution, etc. Guwahati:
Name of publisher, distributor, etc. Assam,
Date of publication, distribution, etc. 2011.
300 ## - PHYSICAL DESCRIPTION
Extent 100p.
942 ## - ADDED ENTRY ELEMENTS (KOHA)
Koha item type Books
653 ## - INDEX TERM--UNCONTROLLED
Uncontrolled term English fiction
Holdings
Withdrawn status Lost status Damaged status Not for loan Home library Current library Shelving location Date acquired Total Checkouts Full call number Barcode Date last seen Copy number Price effective from Koha item type Date last checked out
        Central Library, Naharkatiya College Central Library, Naharkatiya College General Stacks 19/09/2020   823 | VIS 20124 19/09/2020 3 19/09/2020 Books  
        Central Library, Naharkatiya College Central Library, Naharkatiya College General Stacks 19/09/2020 2 823 | VIS 20125 08/08/2023 1 19/09/2020 Books 08/08/2023
        Central Library, Naharkatiya College Central Library, Naharkatiya College General Stacks 19/09/2020 2 823 | VIS 20126 23/10/2025 5 19/09/2020 Books 22/10/2025
        Central Library, Naharkatiya College Central Library, Naharkatiya College General Stacks 19/09/2020   823 | VIS 20127 19/09/2020 4 19/09/2020 Books  
        Central Library, Naharkatiya College Central Library, Naharkatiya College General Stacks 19/09/2020 1 823 | VIS 20128 02/09/2025 2 19/09/2020 Books 02/09/2025

Naharkatiya College © 2020. All rights reserved.

Powered By